000 01054nam a2200289Ia 4500
005 20210727153245.0
008 160315s2002 ck g 000 0 spa
082 0 4 _a635.672
_bD31r
100 1 _aDíaz Sierra, Oscar
245 1 0 _aRecomendaciones para seleccionar semilla de maíz
_cOscar Díaz Sierra, Hermes Aramendis Tatis, Julio Cuello Bolaño
250 _a1a. edición
300 _a16 páginas
_bilustraciones en color
_c15 cm
490 _aCartilla ilustrada
_v1
650 1 4 _2LEMB
_aSemillas de maíz
_xCultivo
650 1 4 _2LEMB
_aSemillas de maíz
_xAlmacenamiento
650 1 4 _2LEMB
_aSemillas de maíz
_xSelección
650 1 4 _2LEMB
_aSemillas de maíz
_xControl de calidad
650 1 4 _2LEMB
_aSemillas de maíz
_xFactores ambientales
700 1 _aAramendis Tatis, Hermes
700 1 _aCuello Bolaño, Julio
942 _2ddc
_cBK
264 _aBucaramanga
_bCorpoica
_c2002
336 _atexto
_btxt
_2rdacontent
337 _asin mediación
_bn
_2rdamedia
338 _avolumen
_bnc
_2rdacarrier
040 _aCO-BoRNBP
_bspa
_erda
_cCO-BoRNBP
999 _c4939
_d4939